02081 a2200301 4500003000500000005001700005010001500022020001500037035002300052040000900075082001600084245010500100260004900205300004500254440007000299505061800369650007900987650006701066650008101133700003201214856010001246856010501346856006601451856010401517942001301621999001901634952012601653Nust20220819112931.0 a2005049375 a1584884657 a(OCoLC)ocm60644811 cNust00a621.384,BOU00aHandbook of algorithms for wireless networking and mobile computing /cedited by Azzedine Boukerche. aBoca Raton, FL :bChapman & Hall/CRC,c2006. a1 v. (various pagings) :bill. ;c27 cm. 0aChapman & Hall/CRC computer and information science series913921 aSECTION -1: MAC Protocols and Scheduling Strategies in Wireless Networks (Page-23), SECTION-2: Routing Protocols and Location Awareness Strategies in Wireless Networks (Page-123), SECTION-3: Resource Allocation and Management in Wireless Networks (Page-415), SECTION-4: Mobility and Location Management in Wireless Networks (Page-477), SECTION-5: QoS in Wireless Networks (Page-613), SECTION-6: TCP Studies in Wireless Networks (Page-679), SECTION-7: Algorithms and Protocols for Bluetooth Wireless PAN (Page-725), SECTION-8: Wireless Sensor Networks (Page-813), SECTION-9: Security Issues in Wireless (Page-905). 0aMobile communication systemsxDesign and constructionxMathematics.998235 0aMobile computingxDesign and constructionxMathematics.998236 0aWireless communication systemsxDesign and constructionxMathematics.9982371 aBoukerche, Azzedine.99823840uhttp://focus.lib.kth.se/login?url=http://www.engnetbase.com/ejournals/books/book_km.asp?id=495640uhttp://proxy.lib.chalmers.se/login?url=http://www.engnetbase.com/ejournals/books/book_km.asp?id=495640uhttp://www.engnetbase.com/ejournals/books/book_km.asp?id=495640uhttps://login.e.bibl.liu.se/login?url=http://www.engnetbase.com/ejournals/books/book_km.asp?id=4956 cREF2ddc c215065d215065 00102ddc4070aMCSbMCScREFd2016-12-12o621.384,BOUpMCS35951r2016-12-08w2016-12-12yREFzAlmirah No.23, Shelf No.3